Noms de codes ISO des préfectures de provinces Italiennes - Statistiques

Statistiques générales
  • Ce quiz a été pris 48 fois
  • Le résultat moyen est 49 sur 107
Statistiques - réponses
Code ISO Villes % Correct
NA Napoli
90%
MI Milano
86%
AN Ancona
83%
AO Aosta
83%
BA Bari
79%
RM Roma
79%
TO Torino
79%
BO Bologna
76%
PA Palermo
76%
UD Udine
76%
CT Catania
72%
FI Firenze
72%
PD Padova
72%
PI Pisa
72%
VE Venezia
69%
GE Genova
66%
LE Lecce
66%
MO Modena
66%
BG Bergamo
62%
AL Alessandria
59%
BS Brescia
59%
CA Cagliari
59%
CN Cuneo
59%
LI Livorno
59%
ME Messina
59%
SI Siena
59%
TS Trieste
59%
CO Como
55%
PR Parma
55%
RN Rimini
55%
VR Verona
55%
AG Agrigento
52%
BZ Bolzano/Bolzen
52%
FE Ferrara
52%
SP La Spezia
52%
LU lucca
52%
NO Novarra
52%
PG Perugia
52%
AQ L'Aquila
48%
SR Siracusa
48%
TA Taranto
48%
TN Trento
48%
TV Treviso
48%
VI Vicenza
48%
FG Foggia
45%
IM Imperia
45%
MT Matera
45%
RG Ragusa
45%
SA Salerno
45%
TP Trapani
45%
AT Asti
41%
AV Avellino
41%
BI Biella
41%
BR Brindisi
41%
KR Crotone
41%
PE Pescara
41%
PZ Potenza
41%
RC Reggio Calabria
41%
SS Sassari
41%
AR Arezzo
38%
CZ Catanzaro
38%
CS Cosenza
38%
FR Frosinone
38%
GR Grosseto
38%
LT Latina
38%
NU Nuoro
38%
PV Pavia
38%
RA Ravenna
38%
TR Terni
38%
VT Viterbo
38%
BN Benevento
34%
CB Campobasso
34%
CE Caserta
34%
CR Cremona
34%
EN Enna
34%
MB Monza et Brianza
34%
PC Piacenza
34%
RE Reggio Emilia
34%
SV Savona
34%
BL Belluno
31%
CL Caltanissetta
31%
GO Gorizia
31%
LC Lecco
31%
MN Mantova
31%
MS Massa-Carrara
31%
PU Pesaro-urbino
31%
PN Pordenone
31%
PO Prato
31%
VA Varese
31%
AP Ascoli Piceno
28%
FC Forli-Cesena
28%
LO Lodi
28%
OR Oristano
28%
PT Pistoia
28%
RI Rieti
28%
RO Rovigo
28%
SO Sondrio
28%
VC Vercelli
28%
VV Vibo Valentia
28%
CH Chieti
24%
FM Fermo
24%
IS Isernia
24%
MC Macerata
24%
BT Barletta-Andria-Trani
21%
SU Sud Sardegna
21%
VB Verbania-Cusio-Ossola
21%
TE Teramo
17%
Aucun quiz correspondant
Distribution des résultats
% des personnes avec chaque résultat
Percentile par nombre de réponses
Votre historique - résultats
Vous n’avez pas pris ce quiz